| 000 | 00882nam a2200205Ia 4500 | ||
|---|---|---|---|
| 003 | GCL | ||
| 008 | 140319s9999 xx 000 0 ara d | ||
| 040 |
_aGCL / _cGCL |
||
| 082 | 0 | 4 |
_a011.08 _bم ب |
| 100 | 1 | _aمركز توثيق بحوث ادب الاطفال | |
| 245 | 1 | 0 |
_aالببليوجرافية الوطنية المصرية: المجلد الاول كتب الاطفال (1862 - 1995) / _cمركز توثيق بحوث ادب الاطفال |
| 700 | 1 | _aمركز المعلومات ودعم اتخاذ القرار | |
| 300 | _a826 ص | ||
| 490 |
_aالهيئة العامة للاستعلامات _v0 |
||
| 650 | 0 | 4 | _aالاطفال- ببليوجرافيات |
| 650 | 0 | 4 | _aكتب الاطفال- ببليوجرافيات |
| 650 | 0 | 4 | _aالببليوجرافيات - الموضوعية |
| 650 | 0 | 4 | _aادب الاطفال - ببليوجرافيات |
| 942 |
_2ddc _cBK |
||
| 999 |
_c51766 _d51766 |
||